|
|
|
|
| LEADER |
00000nab a2200000 a 4500 |
| 001 |
vtls008940719 |
| 003 |
SK-MaSNL |
| 005 |
20260311224756.0 |
| 008 |
140515c2007 xo wr|p|||||||000 b|slo |
| 015 |
|
|
|a SNBRB2007/01
|2 snkbucl
|
| 040 |
|
|
|a SNKBUCL
|b slo
|c SNKBUCL
|e AACR2
|
| 041 |
0 |
|
|a slo
|
| 044 |
|
|
|a xo
|c SK
|
| 080 |
|
|
|a 94(437)
|x "1977"
|2 2001
|
| 080 |
|
|
|a 061.234
|x (437)
|x "1977"
|2 2001
|
| 080 |
|
|
|a 321.64
|x (437)
|2 2001
|
| 100 |
1 |
|
|a Gális, Tomáš,
|d 1976-
|4 aut
|9 205984
|
| 245 |
1 |
0 |
|a Magna Charta 77
|c Tomáš Gális
|
| 300 |
|
|
|b Fotogr.
|
| 610 |
2 |
7 |
|a Charta 77 (skupina)
|2 snkbucl
|9 87610
|
| 630 |
0 |
7 |
|a Charta 77 (dokument)
|2 SNKPH
|9 206638
|
| 648 |
|
7 |
|a 1977
|2 snkbucl
|9 336325
|
| 650 |
0 |
7 |
|a komunistický režim
|2 snkbucl
|9 4699
|
| 650 |
0 |
7 |
|a dejiny
|2 snkbucl
|9 3825
|
| 651 |
|
7 |
|a Československo
|2 snkbucl
|9 21376
|
| 773 |
0 |
|
|t Týždeň
|g Roč. III [IV], č. 1-2 (2007), s. 78-83
|x 1336-5932
|
| 852 |
|
|
|a SNK
|b KIS3GCP
|
| 958 |
|
|
|a SK
|
| 958 |
|
|
|a CZ
|
| 999 |
|
|
|c 3262001
|d 3263931
|